1302 1900 1715 1871 1100 1918 1476 1495 1928 1131 1603 1479 1957 1817 1194 1921 1700 1044 1548 1277 1354 1898 1597 1229 1894 1812 1886 1364 1569 1405 1751 1260 1146 1865 1219 1343 1337 1404 1634 1459 1995 1023 1562 1722 1569 1894 1453 1771 1458 1295 1777 1251 1880 1048 1289 1041 1779 1163 1452 1471 1012 1341 1519 1065 1747 1654 1999 1638 1561 1392 1194 1133 1498 1315 1182 1972 1150 1660 1424 1646 1085 1695 1206 1963 1018 1618 1788 1187 1048 1235 1288 1425 1519 1108 1811 1113 1054 1982 1140 BCNSPRNW ULIB Ver.6.0+V

เปลี่ยนเป็นภาษาไทย

Change to English
 แสดงรายละเอียดบรรณานุกรม
  กลับหน้าหลัก

Brief Record : Get Marc (ISO 2709) : E-mail record : QR code < ปิดหน้าต่าง
LEADER : 00000nam 2200000uu 4500
001    13399123874
003     ULIB
008    020711s2555 th a 000 0 tha d
020    9786165056311
050  4 HD58^bส719พ ล.1
110    มหาวิทยาลัยสุโขทัยธรรมาธิราช.^bสาขาวิชาพยาบาลศาสตร์.
245    เอกสารการสอนชุดวิชา พฤติกรรมมนุษย์ในองค์การ หน่วยที่ 1-7 =^bHuman Behavior in Organization./^cสาขาวิชาพยาบาลศาสตร์ มหาวิทยาลัยสุโขทัยธรรมาธิราช
250    พิมพ์ครั้งที่ 2
260    กรุงเทพฯ :^bสาขาวิชาพยาบาลศาสตร์ มหาวิทยาลัยสุโขทัยธรรมาธิราช,^c2555
300    2 เล่ม ;^b29.5 ซม.
650    พฤติกรรมมนุษย์
945    ^p0^l0^i22453
945    ^p0^l0^i22454
945    ^p0^l0^i22455
945    ^p0^l0^i22456
945    ^p0^l0^i22457
945    ^p0^l0^i22458
945    ^p0^l0^i22459
945    ^p0^l0^i22460
999    ^aทศพร เกษรทอง
รายการนี้ยังไม่มีแท็ก
คุณยังไม่ได้ล็อกอิน คุณสามารถมีกิจกรรมร่วมกับเว็บไซต์ได้ แต่ต้องล็อกอินก่อน ::
  ล็อกอิน

รายการสื่อสารสนเทศ

ลำดับที่ ประเภท เลขเรียก/บาร์โค้ด สถานที่ สถานะ
1. การศึกษาทั่วไป
หนังสือสำรอง
สถานะ=หนังสือสำรอง
HD58 ส719พ ล.1 ฉ.1 
  Barcode: 22453
ห้องสมุดวิทยาเขตนครสวรรค์
►หนังสือทั่วไป:l:General Books
บนชั้น
2. การศึกษาทั่วไป
การศึกษาทั่วไป
HD58 ส719พ ล.1 ฉ.2 
  Barcode: 22454
ห้องสมุดวิทยาเขตนครสวรรค์
►หนังสือทั่วไป:l:General Books
บนชั้น
3. การศึกษาทั่วไป
การศึกษาทั่วไป
HD58 ส719พ ล.1 ฉ.3 
  Barcode: 22455
ห้องสมุดวิทยาเขตนครสวรรค์
►หนังสือทั่วไป:l:General Books
บนชั้น
4. การศึกษาทั่วไป
การศึกษาทั่วไป
HD58 ส719พ ล.1 ฉ.4 
  Barcode: 22456
ห้องสมุดวิทยาเขตนครสวรรค์
►หนังสือทั่วไป:l:General Books
บนชั้น
5. การศึกษาทั่วไป
การศึกษาทั่วไป
HD58 ส719พ ล.1 ฉ.5 
  Barcode: 22457
ห้องสมุดวิทยาเขตนครสวรรค์
►หนังสือทั่วไป:l:General Books
บนชั้น
6. การศึกษาทั่วไป
การศึกษาทั่วไป
HD58 ส719พ ล.1 ฉ.6 
  Barcode: 22458
ห้องสมุดวิทยาเขตนครสวรรค์
►หนังสือทั่วไป:l:General Books
บนชั้น
7. การศึกษาทั่วไป
การศึกษาทั่วไป
HD58 ส719พ ล.1 ฉ.7 
  Barcode: 22459
ห้องสมุดวิทยาเขตนครสวรรค์
►หนังสือทั่วไป:l:General Books
บนชั้น
8. การศึกษาทั่วไป
การศึกษาทั่วไป
HD58 ส719พ ล.1 ฉ.8 
  Barcode: 22460
ห้องสมุดวิทยาเขตนครสวรรค์
►หนังสือทั่วไป:l:General Books
บนชั้น

รายการใกล้เคียง
    หัวเรื่อง [พฤติกรรมมนุษย์]

BibComment


ยังไม่เคยถูกคอมเมนท์

คอมเมนท์ทรัพยากรรายการนี้
  คอมเมนท์: เอกสารการสอนชุดวิ..


 Copyright 2026. Bcnsprnw @Library